000
00267nam a22001217a 4500
008
170622b xxu||||| |||| 00| 0 eng d
041
_a
eng
080
_a
32
100
_a
20
101
_a
SHP
245
_a
EUROPEAN COMMUNISM SINCE 1989
_c
HUDSON, K
942
_2
udc
_c
BK
999
_c
18605
_d
18605